Statistics for name my favorite colors

Click here to take the quiz!

General Stats

  • This quiz has been taken 35 times
  • The average score is 4 of 6

Answer Stats

Answer% Correct
red
100%
green
94%
blue
90%
purple
84%
brick red
0%
sky blue
0%

Score Distribution

Percentile by Number Answered

Percent of People with Each Score

Your Score History

You have not taken this quiz